Famous People born in Spain - Picture Quiz - Statistics

General Stats
  • This quiz has been taken 206 times
  • The average score is 12 of 20
Answer Stats
Picture Hint Answer % Correct
Dictator Francisco Franco
93%
Co-founder of Cubism Pablo Picasso
92%
Surrealist artist Salvador Dalí
92%
Tennis player Rafael Nadal
84%
Actress Penélope Cruz
82%
Queen of Castile Isabella I
79%
Singer Julio Iglesias
75%
Conquistador Hernán Cortés
71%
Writer Miguel de Cervantes
71%
Conquistador of Peru Francisco Pizarro
68%
Known for building a Wall Hadrian
59%
Goalkeeper Iker Casillas
57%
Romantic painter Francisco de Goya
54%
Film director Pedro Almodóvar
49%
Basketball player Pau Gasol
48%
King of Spanish Empire Philip II
40%
Roman emperor Trajan
26%
Nobel Prize in Physiology Santiago Ramón y Cajal
24%
Chef José Andrés
21%
Navy officer best Blas de Lezo
12%
No matching quizzes found
Score Distribution
Percent of People with Each Score
Percentile by Number Answered
Your Score History
You have not taken this quiz